La escritura creativa y formal

-д хадгалсан:
Номзүйн дэлгэрэнгүй
Үндсэн зохиолчид: Condemarín Grimberg, Mabel (Зохиогч), Chadwick, Mariana (Зохиогч)
Формат: Ном
Хэл сонгох:испани
Хэвлэсэн: Santiago Andrés Bello 1998
Хэвлэл:5a. ed
Нөхцлүүд:
Шошгууд: Шошго нэмэх
Шошго байхгүй, Энэхүү баримтыг шошголох эхний хүн болох!

MARC

LEADER 00000nam a2200000 a 4500
001 UCH8314
003 CL-VaPUC
008 091127e19980000CL |||||||||||||||||spa|d
020 |a 9561310732 
082 0 4 |a 372.6  |b CON  |2 21 
100 0 |a Condemarín Grimberg, Mabel  |e author  |9 544847 
700 0 |a Chadwick, Mariana  |e author  |9 544848 
245 1 3 |a La escritura creativa y formal 
250 |a 5a. ed 
300 |a 261 p 
942 |c BK 
945 |d 20091127 00:00:00  |a lazolas 
260 |a Santiago  |b Andrés Bello  |c 1998 
650 0 |a Educación  |9 258661 
650 0 |a Escritura  |9 264941 
650 0 |a Educación básica   |9 224933 
650 0 |a Lingüística  |9 265068 
650 0 |a Expresión escrita  |9 334816 
650 0 |a Métodos de enseñanza  |9 270413 
583 |a last modification  |c 20091127 00:00:00  |k Rodrigo Vera 
999 |c 338541  |d 338539